000 01061nam a2200253Ia 4500
003 OSt
005 20221005105317.0
006 a|||||r|||| 00| 0
007 ta
008 221004b |||||||| |||| 00| 0 hin d
020 _a8170544874939 (hbk)
_c200
024 _a97614
037 _b391, 30/01/2009, Vani Prakashan
_cTextual
040 _aCRL
_cCRL
_bhin
041 _2hin
_ahin
082 _aY5927:7:7.2, 152P8
100 _aमिश्र, कृष्ण कुमार
245 0 _aदलितोत्थान में अम्बेडकर ग्राम विकास योजना का प्रभाव
246 _aDalitotthān mean ambeḍakar grām vikās yojanā kā prabhāva
260 _aनई दिल्ली
_bक्लासिक पब्लिशिंग कम्पनी भारत
_c2008
300 _a190पृ0
_ccm.
942 _hY5927:7:7.2, 152P8
_cTEXL
_2cc
999 _c1015428
_d1015428